[Event "Centrocoop Sept op-B"]
[Site "Eforie Nord"]
[Date "1998.??.??"]
[Round "?"]
[White "Lucasciuc, Mircea"]
[Black "Moskaliuk, Natalia"]
[Result "1/2-1/2"]
[WhiteElo "2290"]
[BlackElo "2290"]

1.d4 d5 2.c4 e6 3.Nf3 Nf6 4.Nc3 c6 5.e3 Nbd7 6.a3 a5 7.Bd3 dxc4 8.Bxc4 b5
9.Bd3 Be7 10.O-O O-O 11.e4 Ba6 12.e5 Nd5 13.Nxd5 cxd5 14.Qe2 Qb6 15.Bd2 Nb8
16.Rab1 b4 17.axb4 Bxd3 18.Qxd3 axb4 19.b3 Nc6 20.h4 Qa6 21.Qc2 Rfc8 22.Qb2 Qa3
23.Rfd1 Qxb2 24.Rxb2 Na7 25.Rc1 Rxc1+ 26.Bxc1 Rc8 27.Bd2 Nb5 28.g3 Na3 29.Ne1 Nb5
30.Nf3 Nc3 31.Kg2 Ne4 32.Be1 f6 33.Ra2 Nc3 34.Ra6 Kf7 35.Ra7 Ke8 36.Rb7 Kd8
37.Bd2 Rc7 38.Rb6 Kd7 39.Ne1 Rc6 40.Rb7+ Rc7 41.Rb6  1/2-1/2

[Event "Centrocoop June op-B"]
[Site "Eforie Nord"]
[Date "1998.??.??"]
[Round "?"]
[White "Goriachnik, Dmitry"]
[Black "Mihet, Vasile"]
[Result "1-0"]
[WhiteElo "2145"]
[BlackElo "1760"]

1.Nf3 d5 2.c4 Nf6 3.d4 c6 4.Nc3 e6 5.e3 Nbd7 6.Qc2 Bd6 7.g4 h6 8.Bd2 a6 9.Rg1 dxc4
10.Bxc4 b5 11.Bxe6 fxe6 12.Qg6+ Kf8 13.g5 Qe8 14.gxf6 Qxg6 15.Rxg6 Nxf6 16.Ke2 Kf7
17.Rag1 Rh7 18.e4 Nh5 19.e5 Be7 20.Ne4 Bd7 21.Nd6+ Kf8 22.R6g4 Be8 23.Bb4 a5
24.Bc5 g5 25.h4 Nf4+ 26.Ke3 Bh5 27.R4g3 Nd5+ 28.Kd2 Bxf3 29.Rxf3+ Kg8 30.Ne4 Rd8
31.hxg5 Rg7 32.g6 Bxc5 33.Nxc5 Nc7 34.Kd3 Re7 35.Ne4 Ne8 36.Nf6+ Nxf6 37.exf6 Red7
38.Ke3 Rxd4 39.f7+ Kg7 40.f8=Q+ Rxf8 41.Rxf8 Rd5 42.Rf7+ Kg8 43.g7 Re5+ 44.Kf3 Rg5
45.Rxg5 hxg5 46.Rc7  1-0

[Event "Centrocoop June op-B"]
[Site "Eforie Nord"]
[Date "1998.??.??"]
[Round "?"]
[White "Goriachnik, Dmitry"]
[Black "Fedulov, I."]
[Result "1/2-1/2"]
[WhiteElo "2145"]
[BlackElo "1650"]

1.Nf3 d5 2.c4 c6 3.d4 Nf6 4.Nc3 e6 5.e3 Bd6 6.Qc2 O-O 7.Bd3 dxc4 8.Bxc4 Nbd7
9.O-O Qc7 10.e4 e5 11.dxe5 Nxe5 12.Nxe5 Bxe5 13.f4 Bd4+ 14.Kh1 Ng4 15.Rf3 b5
16.Bd3 Qb6 17.Nd1 c5 18.e5 g6 19.h3 Nh6 20.g4 Bb7 21.Be4 Rfd8 22.Ne3 Rac8
23.a4 bxa4 24.Nc4 Qb4  1/2-1/2

[Event "Centrocoop June op-B"]
[Site "Eforie Nord"]
[Date "1998.??.??"]
[Round "?"]
[White "Fufulyan, G."]
[Black "Manate, Laurean"]
[Result "1-0"]
[WhiteElo "2105"]
[BlackElo "1720"]

1.d4 d5 2.c4 c6 3.Nf3 Nf6 4.Nc3 e6 5.e3 Bd6 6.Bd3 Nbd7 7.O-O O-O 8.Re1 Re8
9.e4 dxe4 10.Nxe4 Nxe4 11.Rxe4 Nf6 12.Rh4 c5 13.Be3 cxd4 14.Rxd4 Qb6 15.Rxd6 Qxb2
16.Bd4 Qb4 17.Qb3  1-0

[Event "Centrocoop Sept op-A"]
[Site "Eforie Nord"]
[Date "1998.??.??"]
[Round "?"]
[White "Vioreanu, Bogdan"]
[Black "Catereniuc, Dragos"]
[Result "1-0"]
[WhiteElo "2025"]
[BlackElo "2245"]

1.d4 Nf6 2.Nf3 e6 3.c4 d5 4.Nc3 c6 5.e3 Nbd7 6.Bd3 Bd6 7.O-O O-O 8.e4 dxe4
9.Nxe4 Nxe4 10.Bxe4 Qc7 11.Qc2 h6 12.Re1 b6 13.Be3 Bb4 14.Bd2 Bxd2 15.Nxd2 Bb7
16.Rad1 Rad8 17.h3 e5 18.Nf3 exd4 19.Nxd4 Nf6 20.Bf3 Rfe8 21.Rxe8+ Rxe8 22.Qa4 Rd8
23.Qxa7 Ra8 24.Nb5 Rxa7 25.Nxc7 Rxa2 26.Rd8+ Kh7 27.Rb8 Ra7 28.b3 Nd7 29.Rd8 Nf6
30.Kh2 g6 31.Ne8 Nxe8 32.Rxe8 Ba8 33.Rb8 Bb7 34.Rd8 Ba8 35.b4 Kg7 36.b5 cxb5
37.Rxa8 Rxa8 38.Bxa8 bxc4 39.Kg3 Kf6 40.Kf4 Ke6 41.Ke4 Kd6 42.Kd4 b5 43.Bd5 f6
44.Bf7 Kc6 45.Bxg6 Kb6 46.f4  1-0

[Event "Centrocoop June op-B"]
[Site "Eforie Nord"]
[Date "1998.??.??"]
[Round "?"]
[White "Caravan, Mariana"]
[Black "Manate, Laurean"]
[Result "1-0"]
[WhiteElo "2125"]
[BlackElo "1720"]

1.d4 c6 2.c4 Nf6 3.Nc3 d5 4.Nf3 e6 5.e3 Bd6 6.Bd3 Nbd7 7.O-O O-O 8.e4 dxe4
9.Nxe4 Nxe4 10.Bxe4 Nf6 11.Bc2 Qc7 12.Bg5 Be7 13.Qd3 g6 14.Ne5 Kg7 15.Qe3 Ng8
16.Bf4 Qd8 17.c5 Re8 18.Nc4 Nf6 19.Nd6 Bxd6 20.Bxd6 Nd5 21.Qg3 Kg8 22.h4 Nf6
23.Qg5 Nh5 24.g4 Qxg5 25.hxg5 Ng7 26.f3 e5 27.Bxe5 Ne6 28.Bf6 Nf4 29.Rfe1 Bd7
30.Kf2 Rxe1 31.Rxe1 Re8 32.Rxe8+ Bxe8 33.Ke3 Nd5+ 34.Ke4 h6 35.Ke5 hxg5 36.Bxg5 Kg7
37.Kd6 f6 38.Bd2 Kf7 39.f4 Kf8 40.b4 a6 41.a4 Kf7 42.b5 axb5 43.axb5 Ne7
44.b6 Nd5 45.Bb3 f5 46.g5 Kf8 47.Bxd5 cxd5 48.Kxd5 Ke7 49.Ke5 Kd7 50.d5 Bf7
51.Bb4 Be8 52.c6+ Kc8 53.Kd6 Bf7 54.Bc5 Kb8 55.Bd4 Be8 56.Be5 Kc8 57.Kc5 Bf7
58.d6 bxc6  1-0

[Event "FIN-chT9899"]
[Site "FIN"]
[Date "1998.??.??"]
[Round "3"]
[White "Pihlajasalo, Hannu"]
[Black "Simola, Tuomas"]
[Result "1/2-1/2"]
[WhiteElo "2225"]
[BlackElo "2080"]

1.d4 d5 2.c4 e6 3.Nc3 c6 4.e3 Nf6 5.Nf3 Nbd7 6.Qc2 Bd6 7.Bd3 O-O 8.O-O dxc4
9.Bxc4 b5 10.Be2 Qc7 11.Rd1 Bb7 12.a3 a6 13.b4 e5 14.h3 Rac8 15.Bd2 Rfe8
16.Rac1 e4 17.Ne1 Nb6 18.Qa2 Qe7 19.Nc2 Nbd5 20.Na1 a5 21.Nxd5 Nxd5 22.bxa5 Bxa3
23.Rc2 Ra8 24.Nb3 Bd6 25.Rdc1 Qg5 26.Bf1 Bc8 27.Rxc6 Bb4 28.Kh1 Qh4 29.Kg1 Qg5
30.Kh1 Qh4 31.Kg1 Qg5  1/2-1/2

[Event "FIN-chT9899"]
[Site "FIN"]
[Date "1998.??.??"]
[Round "5"]
[White "Norri, Joose"]
[Black "Liiva, Riho"]
[Result "1-0"]
[WhiteElo "2405"]
[BlackElo "2435"]

1.d4 d5 2.c4 c6 3.Nc3 Nf6 4.e3 e6 5.Nf3 Nbd7 6.Bd3 Bd6 7.e4 dxe4 8.Nxe4 Nxe4
9.Bxe4 O-O 10.O-O h6 11.Bc2 e5 12.Re1 exd4 13.Qxd4 Bc5 14.Qc3 a5 15.a3 Nf6
16.Bxh6 Bxf2+ 17.Kxf2 Ng4+ 18.Kg1 Nxh6 19.Rad1 Qc7 20.Ne5 Re8 21.c5 Ng4 22.Nxg4 Bxg4
23.Rd6 Re7 24.Rf1 Rae8 25.Qg3 Be6 26.Qh4 g6 27.Qh6 Qc8 28.Rf6 Bd5 29.Rxg6+  1-0

[Event "FIN-ch"]
[Site "FIN"]
[Date "1998.??.??"]
[Round "7"]
[White "Norri, Joose"]
[Black "Valkesalmi, Kimmo"]
[Result "1/2-1/2"]
[WhiteElo "2405"]
[BlackElo "2375"]

1.d4 d5 2.c4 c6 3.Nc3 Nf6 4.Nf3 e6 5.e3 Nbd7 6.Bd3 Bd6 7.O-O O-O 8.e4 dxc4
9.Bxc4 e5 10.Bg5 Qe7 11.Bb3 Rd8 12.Qe2 h6 13.Bh4 exd4 14.Nxd4 Nf8 15.Rad1 Ng6
16.Bg3 Bxg3 17.hxg3 Bg4 18.f3 Bd7 19.Rfe1 Re8 20.Qf2 Ne5 21.g4 Rad8 22.Bc2 Bc8
23.Nf5 Bxf5 24.gxf5 Qb4 25.Na4 b6 26.Qe3 Qe7 27.b3 Rxd1 28.Rxd1 Rd8 29.Rxd8+ Qxd8
30.Nb2 Qd6 31.Qc3 Nh5 32.Nd1 Nd7 33.Ne3 Qf4 34.Nf1 Ng3 35.Qd2 Qe5 36.Nxg3 Qxg3
37.Qxd7  1/2-1/2

[Event "FIN-ch"]
[Site "FIN"]
[Date "1998.??.??"]
[Round "11"]
[White "Kanko, Ilkka"]
[Black "Valkesalmi, Kimmo"]
[Result "0-1"]
[WhiteElo "2270"]
[BlackElo "2375"]

1.d4 d5 2.c4 c6 3.Nf3 e6 4.Nc3 Nf6 5.e3 Nbd7 6.Bd3 Bd6 7.O-O O-O 8.b3 h6
9.Bb2 Re8 10.e4 dxc4 11.bxc4 e5 12.d5 Nc5 13.h3 Bd7 14.Bc2 cxd5 15.cxd5 b5
16.Re1 Rc8 17.Nd2 Re7 18.Rc1 Qb6 19.Ne2 Nb7 20.Ng3 Bc5 21.Qe2 Bd4 22.Bxd4 Qxd4
23.Bb3 Nd6 24.Nf3 Qb4 25.Rxc8+ Nxc8 26.Rc1 a5 27.Nh4 a4 28.Bd1 Nd6 29.Bc2 Qb2
30.Qe1 Re8 31.Bd3 Rc8 32.Rb1 Qa3 33.Bf1 Nfe8 34.Nf3 f6 35.Qd2 Qc3 36.Qxc3 Rxc3
37.Ne1 Nc7 38.Bd3 Na6 39.Ne2 Ra3 40.Nc1 Nc5 41.f3 f5 42.Rb4 Rc3 43.Bc2 fxe4
44.fxe4 Ndxe4 45.Bxe4 Rxc1 46.Kf2 Kf8 47.Nf3 Ra1 48.Nxe5 Nxe4+ 49.Rxe4 Rxa2+
50.Ke3 Ke7 51.Kd4 Rxg2 52.Kc5 Rc2+ 53.Kb4 Bxh3 54.Kxb5 Kd6 55.Kxa4 Kxd5 56.Re1 Rd2
57.Kb3 Bf5 58.Nc4 Rd3+ 59.Kb4 Be4 60.Ne3+ Kd4 61.Nc4 Bd5 62.Nd6 Rb3+ 63.Ka4 Rb8
64.Nf5+ Kc5 65.Rc1+ Bc4 66.Ka3 Rb3+ 67.Ka4 Rb6 68.Ka3 Ra6+ 69.Kb2 Kb4 70.Nxg7 Ra2+
71.Kb1 Rg2 72.Rh1 Bd3+ 73.Kc1 Kc3  0-1

[Event "FIN-chT 9798"]
[Site "Finland"]
[Date "1998.??.??"]
[Round "6"]
[White "Lehtivaara, Petri"]
[Black "Penttinen, Jarkko"]
[Result "0-1"]
[WhiteElo "2365"]
[BlackElo "2285"]

1.d4 d5 2.c4 e6 3.Nc3 c6 4.e3 Nf6 5.Nf3 Nbd7 6.Qc2 Bd6 7.Bd3 dxc4 8.Bxc4 O-O
9.O-O e5 10.Ne4 Nxe4 11.Qxe4 Qe7 12.Bd2 Nf6 13.Qh4 e4 14.Ne1 Be6 15.Be2 Bb4
16.Bc1 Ng4 17.Qxe7 Bxe7 18.f3 Nf6 19.Nc2 a5 20.Bd2 Bd5 21.f4 Nd7 22.g4 Nb6
23.f5 Rfd8 24.Be1 c5 25.dxc5 Bxc5 26.b3 a4 27.b4 Be7 28.Bg3 Bc4 29.Bxc4 Nxc4
30.Rfd1 Rd3 31.Bf2 Rad8 32.Rxd3 exd3 33.Nd4 Bxb4 34.Rb1 d2 35.Kf1 Nb2 36.Ke2 d1=Q+
37.Rxd1 Nxd1 38.Kxd1 Bc5 39.Kd2 Kf8 40.Kc3 Bd6 41.h4 Rc8+ 42.Kd3 Rc1 43.e4 Rf1
44.Be3 Rh1 45.Nf3 Ra1 46.e5 Be7 47.g5 Ke8 48.f6 gxf6 49.gxf6 Bf8 50.e6 fxe6
51.Ng5 Rf1 52.Nxh7 Kf7 53.Bd4 Bh6 54.Ng5+ Bxg5 55.hxg5 Kg6 56.Ke2 Rh1 57.Kf3  0-1

[Event "FRA-chJM5"]
[Site "FRA"]
[Date "1998.??.??"]
[Round "6"]
[White "Benitah, Yohan"]
[Black "Fontaine, Robert"]
[Result "1/2-1/2"]
[WhiteElo "2345"]
[BlackElo "2365"]

1.d4 d5 2.c4 e6 3.Nc3 c6 4.e3 Nf6 5.Nf3 Nbd7 6.Qc2 Bd6 7.Bd3 O-O 8.O-O h6
9.e4 dxe4 10.Nxe4 Nxe4 11.Bxe4 c5 12.Rd1 f5 13.Bd3 Qf6 14.dxc5 Nxc5 15.Bd2 b6
16.Bc3 Qe7 17.Be5 Bxe5 18.Nxe5 Bb7 19.b4 Nxd3 20.Qxd3 Rfd8 21.Qc3 a5 22.a3 axb4
23.axb4 Rxa1 24.Rxa1 Qg5 25.Nf3 Qf4 26.Ne1 Rd4 27.Rc1 b5 28.g3 Qd6 29.cxb5 Rxb4
30.Rd1 Qxd1 31.Qxb4 e5 32.Qc4+ Kh7 33.Kf1 Bd5 34.Qc3 e4 35.Qc8 Kg6 36.Qe8+ Kf6
37.Qd8+ Ke6 38.Qe8+ Kf6 39.Qd8+ Ke5 40.Qe7+ Kd4 41.Qxg7+ Kc5 42.Qe7+ Kxb5
43.Qd7+ Kb4 44.Qd6+ Kc3 45.Qa3+ Bb3 46.Qa5+ Kb2 47.Qe5+ Kb1 48.Qc3 Qd5 49.Qe3 h5
50.h4 Bc4+ 51.Kg2 Qd1  1/2-1/2

[Event "Pyramiden Franken Cup"]
[Site "Fuerth"]
[Date "1998.??.??"]
[Round "6"]
[White "Handke, Florian"]
[Black "Arnold, Johannes"]
[Result "1-0"]
[WhiteElo "2310"]
[BlackElo "2325"]

1.d4 d5 2.c4 c6 3.Nc3 Nf6 4.e3 e6 5.Nf3 Nbd7 6.Bd3 dxc4 7.Bxc4 b5 8.Bd3 a6
9.e4 c5 10.d5 Qc7 11.O-O c4 12.Bc2 Bc5 13.dxe6 fxe6 14.Qe2 Ne5 15.Nxe5 Qxe5
16.Kh1 O-O 17.f4 Qh5 18.Qxh5 Nxh5 19.e5 g5 20.f5 exf5 21.Bxg5 Bd4 22.Be7 Re8
23.Bd6 Bxc3 24.bxc3 Ng7 25.Kg1 Kf7 26.Be4 Ra7 27.g4 Kg6 28.h4 h5 29.gxf5+ Bxf5
30.Rxf5 Nxf5 31.Rf1 Rf7 32.Rf4 a5 33.a3 Re6 34.Kf2 Re8 35.Bc2 Re6 36.Ke2 a4
37.Rxf5 Rxf5 38.Ke3 b4 39.cxb4 c3 40.b5 Rf6 41.exf6 Kh6 42.Bxf5 c2 43.Bf8+  1-0

[Event "BCF-chTB 98/99"]
[Site "GBR"]
[Date "1998.??.??"]
[Round "4"]
[White "Morris, Gareth"]
[Black "Taylor, Martin R"]
[Result "1/2-1/2"]
[WhiteElo "2150"]
[BlackElo "2120"]

1.d4 d5 2.c4 e6 3.Nc3 c6 4.e3 Nf6 5.Nf3 Nbd7 6.Bd3 Be7 7.O-O b6 8.e4 dxe4
9.Nxe4 Qc7 10.b3 Bb7 11.Ng3 O-O 12.Bb2 c5 13.Re1 Rfe8 14.Rc1 Rad8 15.Bb1 a6
16.Qe2 Qc6 17.Qf1 Qc7 18.dxc5 Nxc5 19.Ne5 Ncd7 20.f4 Nxe5 21.fxe5 Ng4 22.Re2 Qc5+
23.Kh1 Bg5 24.Rce1 Bd2 25.Rd1 Ne3 26.Qg1 Nxd1 27.Qxd1 Bg5 28.Qc2 g6 29.h3 Rd7
30.Bc1 Bxc1 31.Qxc1 Red8 32.Bc2 Qe7 33.Qh6 Qf8 34.Qg5 Qg7 35.Kh2 h6 36.Qe3 Rd4
37.Rf2 b5 38.c5 R4d7 39.b4 Rd4 40.a3 Bc6 41.Rf6 R4d5  1/2-1/2

[Event "BCF-chT2 97/98"]
[Site "GBR"]
[Date "1998.??.??"]
[Round "11"]
[White "Morris, Gareth"]
[Black "Dearing, Eddie"]
[Result "0-1"]
[WhiteElo "2150"]
[BlackElo "2295"]

1.d4 d5 2.c4 e6 3.Nc3 c6 4.e3 Nf6 5.Nf3 Nbd7 6.Qc2 Bd6 7.Be2 O-O 8.O-O dxc4
9.Bxc4 b5 10.Bd3 Bb7 11.e4 e5 12.Ne2 exd4 13.Nexd4 Re8 14.Nf5 Bf8 15.Bg5 h6
16.Bh4 Qb6 17.Rad1 c5 18.Bxf6 Nxf6 19.e5 Bxf3 20.gxf3 Rxe5 21.f4 Re6 22.Ng3 c4
23.Bf5 Rd6 24.Ne4 Nxe4 25.Qxe4 Rad8 26.Rxd6 Qxd6 27.Bg4 Qf6 28.Bd1 Rd4  0-1

[Event "Asia-ch (Women)"]
[Site "Genting Highlands"]
[Date "1998.??.??"]
[Round "?"]
[White "Koshnitsky, Ngan Phan"]
[Black "Ratna Sulista, Maria Lucia"]
[Result "1/2-1/2"]
[WhiteElo "2115"]
[BlackElo "2235"]

1.d4 Nf6 2.c4 e6 3.Nf3 d5 4.Nc3 c6 5.e3 Nbd7 6.Bd3 Bd6 7.O-O O-O 8.e4 dxc4
9.Bxc4 e5 10.Bg5 Qc7 11.d5 Bb4 12.Qe2 cxd5 13.Nxd5 Nxd5 14.Bxd5 Qb6 15.Rac1 a6
16.Rfd1 Qg6 17.a3 Ba5 18.Be3 Bb6 19.h3 h6 20.Nh4 Qf6 21.Nf5 Bxe3 22.Qxe3 Nb6
23.Ne7+ Kh8 24.Qc5 Nd7 25.Qxc8 Raxc8 26.Nxc8 b6 27.Rc6 Qf4 28.Nxb6 Nf6 29.Rc4 g5
30.Rd3 g4 31.g3 Qg5 32.h4 Qg7 33.Rc6 Nxd5 34.Rxd5 f6 35.Rd7 Qg6 36.Rcc7 Qxe4
37.Nd5 Qb1+ 38.Kh2 Qf5 39.Kg1 Qb1+ 40.Kg2 Qe4+ 41.Kh2  1/2-1/2

[Event "Oberliga Ost B9899"]
[Site "GER"]
[Date "1998.??.??"]
[Round "?"]
[White "Ballo, Emanuel"]
[Black "Sehrt, Juergen"]
[Result "1-0"]
[WhiteElo "2200"]
[BlackElo "2235"]

1.d4 d5 2.c4 c6 3.Nc3 Nf6 4.e3 e6 5.Nf3 Nbd7 6.Be2 Bd6 7.O-O O-O 8.Qc2 dxc4
9.Bxc4 e5 10.Rd1 Qe7 11.Nh4 Nb6 12.Bd3 Bg4 13.f3 e4 14.Bxe4 Nxe4 15.Nxe4 Bxh2+
16.Kxh2 Qxh4+ 17.Kg1 f5 18.Qf2 Qh6 19.Nc5 Bh5 20.Nxb7 Qe6 21.Nc5 Qe7 22.Bd2 Rf6
23.Nd3 Nd5 24.Ne5 c5 25.e4 fxe4 26.Bg5 Qe6 27.Bxf6 gxf6 28.fxe4 Bxd1 29.exd5 Qxd5
30.Rxd1 fxe5 31.Qg3+  1-0

[Event "Oberliga Ost B9899"]
[Site "GER"]
[Date "1998.??.??"]
[Round "?"]
[White "Arbinger, Roland"]
[Black "Thoma, Christian"]
[Result "1/2-1/2"]
[WhiteElo "2005"]
[BlackElo "2235"]

1.d4 d5 2.Nf3 Nf6 3.c4 e6 4.Nc3 c6 5.e3 Nbd7 6.Qc2 Bd6 7.b3 O-O 8.Bd3 Qe7
9.O-O e5 10.cxd5 cxd5 11.e4 exd4 12.Nxd5 Nxd5 13.exd5 Nf6 14.Bg5 h6 15.Rfe1 Qd8
16.Bh4 g5 17.Bg3 Bxg3 18.hxg3 Qxd5 19.Bc4 Bf5 20.Qb2 Qd7 21.Nxd4 Rad8 22.Nxf5 Qxf5
23.Re5 Qd7 24.Rae1 Rfe8 25.Rxe8+ Rxe8 26.Rxe8+ Nxe8 27.Qe2  1/2-1/2

[Event "Oberliga Nord O9899"]
[Site "GER"]
[Date "1998.??.??"]
[Round "?"]
[White "Zierke, Oliver"]
[Black "Baumbach, Friedrich"]
[Result "1-0"]
[WhiteElo "2270"]
[BlackElo "2315"]

1.d4 d5 2.c4 c6 3.Nf3 Nf6 4.Nc3 e6 5.e3 Nbd7 6.Qc2 Bd6 7.b3 O-O 8.Be2 dxc4
9.bxc4 e5 10.O-O Re8 11.Rd1 Qe7 12.Rb1 e4 13.Nd2 Nf8 14.c5 Bc7 15.Nc4 Ng4
16.h3 Nf6 17.Ba3 Nd5 18.Nd6 Nxc3 19.Qxc3 Bxd6 20.cxd6 Qh4 21.d5 Qg5 22.h4 Qxh4
23.dxc6 bxc6 24.d7 Nxd7 25.Qxc6 Nf6 26.Qxa8 Bg4 27.Rd8  1-0

[Event "Oberliga Nord O9899"]
[Site "GER"]
[Date "1998.??.??"]
[Round "?"]
[White "Kuhne, Detlev"]
[Black "Schoeneich, Matthias"]
[Result "1-0"]
[WhiteElo "2180"]
[BlackElo "2260"]

1.Nf3 d5 2.d4 Nf6 3.c4 c6 4.Nc3 e6 5.e3 Nbd7 6.Bd3 dxc4 7.Bxc4 b5 8.Bd3 Bb7
9.O-O Be7 10.e4 b4 11.Na4 c5 12.e5 Nd5 13.Nxc5 Nxc5 14.dxc5 Bxc5 15.Ng5 Qb6
16.Qh5 g6 17.Qf3 f5 18.exf6 O-O-O 19.Nf7 Ne3 20.Be4 Nxf1 21.Bxb7+ Qxb7 22.Qxb7+ Kxb7
23.Nxd8+ Rxd8 24.Kxf1 Bd4 25.Bg5 Bxb2 26.Re1 Re8 27.Re4 a5 28.Rf4 Rf8 29.f7 Bg7
30.Be7 Kc6 31.Bxf8 Bxf8 32.Ke2 Kd5 33.Kd3 Ke5 34.g3 g5 35.Rf3 a4 36.Kc4 h6
37.Kb5 a3 38.Kc4 g4 39.Rf4 h5 40.Kb3 Kd5 41.Rxb4  1-0

[Event "Oberliga Nord O9899"]
[Site "GER"]
[Date "1998.??.??"]
[Round "?"]
[White "Baumbach, Friedrich"]
[Black "Kimpinsky, Frank"]
[Result "1-0"]
[WhiteElo "2315"]
[BlackElo "2255"]

1.d4 d5 2.c4 c6 3.Nf3 Nf6 4.Nc3 e6 5.e3 Nbd7 6.Qc2 a6 7.b3 b5 8.Bd3 bxc4
9.bxc4 dxc4 10.Bxc4 c5 11.O-O Bb7 12.dxc5 Qc7 13.Be2 Qxc5 14.Bb2 Bd6 15.Rfd1 Rc8
16.Rac1 O-O 17.Qb3 Bxf3 18.Bxf3 Rb8 19.Qc2 Ne5 20.Be2 Neg4 21.Ne4 Bxh2+ 22.Kf1 Nxe3+
23.fxe3 Qf5+ 24.Nf2 Nd5 25.Bd4 Qg5 26.Qe4 Rb4 27.Rc4 a5 28.Rxb4 axb4 29.Bc4 Rc8
30.Bxd5 exd5 31.Qg4 Qxg4 32.Nxg4 Bg3 33.Rb1 h5 34.Ne5 Rc2 35.Rb2 Rc1+ 36.Ke2 f6
37.Nd3 Rg1 38.Kf3 h4 39.Nxb4 Rf1+ 40.Kg4 Kf7 41.Nxd5 Ke6 42.Nf4+ Bxf4 43.exf4 Kd5
44.Bf2  1-0

[Event "Oberliga Ost B9899"]
[Site "GER"]
[Date "1998.??.??"]
[Round "?"]
[White "Cordes, Hans Joerg"]
[Black "Starke, Dieter"]
[Result "0-1"]
[WhiteElo "2310"]
[BlackElo "2255"]

1.d4 d5 2.c4 c6 3.Nc3 Nf6 4.Nf3 e6 5.e3 Nbd7 6.Qc2 Bd6 7.g4 dxc4 8.Bxc4 Nd5
9.e4 Nb4 10.Qe2 b5 11.Bb3 Bb7 12.Bg5 Be7 13.Bxe7 Qxe7 14.e5 O-O 15.a3 Nd5
16.Nxd5 exd5 17.O-O Rfe8 18.Bc2 a5 19.Nd2 c5 20.f4 cxd4 21.Nf3 Nf6 22.Qd3 Ne4
23.Qxd4 Rac8 24.Bd3 Nc5 25.Rae1 Nxd3 26.Qxd3 Rc4 27.Ng5 Qc5+ 28.Rf2 h6 29.Qh7+ Kf8
30.e6 Rxe6 31.Rxe6 Rc1+ 32.Kg2 d4+ 33.Kg3 Rc3+ 34.bxc3 Qxc3+ 35.Nf3 fxe6
36.Qg6 Qe3 37.f5 e5 38.f6 Qf4+ 39.Kg2 gxf6 40.Qh7 Qxg4+ 41.Kf1 Bxf3 42.Qh8+ Kf7
43.Qh7+ Ke6 44.Qd3 Bd5 45.Qxb5 Qd1+  0-1

[Event "NRW-Liga I 9899"]
[Site "GER"]
[Date "1998.??.??"]
[Round "1"]
[White "Krallmann, Matthias"]
[Black "Freckmann, Mark"]
[Result "1/2-1/2"]
[WhiteElo "2280"]
[BlackElo "2270"]

1.d4 d5 2.c4 e6 3.Nc3 c6 4.e3 Nf6 5.Nf3 Nbd7 6.Qc2 Bd6 7.b3 O-O 8.Be2 dxc4
9.bxc4 e5 10.O-O Re8 11.Rd1 e4 12.Nd2 Qe7 13.a4 Nf8 14.h3 h5 15.c5 Bb8 16.Nc4 Nd5
17.Nd6 Nxc3 18.Qxc3 Bxd6 19.cxd6 Qxd6 20.Bxh5 Nh7 21.Be2 Qg6 22.Kh2 Nf6 23.Bc4 Nd5
24.Bxd5 Qd6+ 25.Kg1 Qxd5 26.Qc5 b6 27.Qxd5  1/2-1/2

[Event "BL2-S9798"]
[Site "Germany"]
[Date "1998.??.??"]
[Round "?.1"]
[White "Pinter, Jozsef"]
[Black "Schwalfenberg, Joerg"]
[Result "1/2-1/2"]
[WhiteElo "2590"]
[BlackElo "2355"]

1.d4 Nf6 2.c4 c6 3.Nc3 d5 4.e3 e6 5.Nf3 Nbd7 6.Bd3 Bd6 7.O-O O-O 8.e4 dxc4
9.Bxc4 e5 10.Bg5 Qe7 11.Re1 Nb6 12.Bb3 Bg4 13.h3 Bxf3 14.Qxf3 Nbd7 15.d5 h6
16.dxc6 bxc6 17.Be3 Bc5 18.Red1 Bxe3 19.Qxe3 Nc5 20.Bc4 Rab8 21.b3 Nfd7 22.Rac1 Kh7
23.Ne2 g6 24.Rc2 Kg7 25.Nc1 Rb6 26.Rcd2 Nf6 27.f3 Rc8 28.Rc2 Nb7 29.Bf1 Rd8
30.Rxd8 Nxd8 31.Qc3 Nd7 32.Nd3 Qd6 33.Nb2 Ne6 34.Nc4 Qc5+ 35.Kh1 Nd4 36.Rc1 Rb8
37.Qd2 Qe7 38.Rd1 c5 39.Ne3 Nf6 40.Rc1 Nh5 41.Qf2 Rd8 42.Re1 Qg5 43.Nd5 f5
44.Bd3 Rd7 45.Bb1 Qd8 46.Ne3 f4 47.Nc4 Ng3+ 48.Kh2 Kf6 49.Qb2 g5 50.b4 Nc6
51.Bc2 Rd4 52.b5 Na5 53.Na3 Rd2 54.Nb1 Rd4 55.Qa3 Qb6 56.Nc3 Kg7 57.Bb3 Nb7
58.Qc1 c4 59.Bc2 Qa5 60.Qb2 Nc5 61.Rd1 Rxd1 62.Nxd1 Qe1 63.Qxe5+ Kf7 64.Nf2 Qxf2
65.Qh8 Ne6 66.e5 Ng7 67.Bh7 N3h5 68.Qg8+ Ke7 69.Qxc4 Qg3+ 70.Kh1 Qe1+ 71.Kh2 Qxe5
72.Bg6 Qe6 73.Qc5+ Kf6 74.Bxh5  1/2-1/2

[Event "Oberliga Ost B9798"]
[Site "Germany"]
[Date "1998.??.??"]
[Round "?.5"]
[White "Legde, Georg"]
[Black "Neumann, Norbert"]
[Result "1-0"]
[WhiteElo "2220"]
[BlackElo "2145"]

1.d4 c6 2.c4 d5 3.Nf3 Nf6 4.Nc3 e6 5.e3 Nbd7 6.Bd3 Be7 7.O-O O-O 8.e4 dxc4
9.Bxc4 Re8 10.Qe2 b5 11.Bd3 b4 12.Na4 Qa5 13.b3 Qh5 14.Bg5 Bb7 15.Rac1 Rad8
16.h3 h6 17.Bxf6 gxf6 18.Qe3 Kh8 19.Be2 Qg6 20.Nd2 Rg8 21.g3 Bd6 22.Kh2 e5
23.Nf3 exd4 24.Nxd4 c5 25.Nf5 Bf8 26.Rcd1 Bg7 27.Ne7 Qh7 28.Bg4 Rge8 29.Bf5 Rxe7
30.Bxh7 Kxh7 31.Nxc5 Bc8 32.Qf4 Rde8 33.Nxd7 Bxd7 34.Rxd7  1-0

[Event "Oberliga Ost B9798"]
[Site "Germany"]
[Date "1998.??.??"]
[Round "?.7"]
[White "Malek, Dellair"]
[Black "Barth, Andreas"]
[Result "1-0"]
[WhiteElo "2130"]
[BlackElo "2245"]

1.Nf3 Nf6 2.c4 e6 3.d4 d5 4.Nc3 c6 5.e3 Nbd7 6.Qc2 b6 7.Bd3 Be7 8.O-O Ba6
9.b3 Rc8 10.Rd1 O-O 11.Bb2 Qc7 12.Rac1 Rfd8 13.h3 Qb8 14.Qe2 Bb7 15.e4 dxe4
16.Nxe4 Nxe4 17.Qxe4 Nf8 18.h4 Bf6 19.c5 bxc5 20.Rxc5 Be7 21.Qg4 Bxc5 22.dxc5 Ng6
23.h5 Qf4 24.Qh3 Nf8 25.Be5 Qh6 26.Bd6 Re8 27.Ne5 Qg5 28.Qf3 f6 29.Ng4 Rcd8
30.h6 Nd7 31.hxg7 Qxg7 32.Bc4 Qg6 33.Qf4 f5 34.Ne3 Nf6 35.Nxf5 Nh5 36.Nh6+ Kh8
37.Be5+ Ng7 38.Rxd8 Rxd8 39.Nf7+ Kg8 40.Nxd8 Bc8 41.Nxc6 Nf5 42.Qxf5  1-0

[Event "BL2-S9798"]
[Site "Germany"]
[Date "1998.??.??"]
[Round "?.1"]
[White "Pinter, Jozsef"]
[Black "Beikert, Guenther"]
[Result "1-0"]
[WhiteElo "2590"]
[BlackElo "2475"]

1.d4 d5 2.c4 c6 3.Nc3 Nf6 4.e3 e6 5.Nf3 Nbd7 6.Bd3 dxc4 7.Bxc4 b5 8.Bd3 a6
9.e4 c5 10.d5 Qc7 11.O-O Bb7 12.Re1 O-O-O 13.Bg5 Bd6 14.Bf1 Ne5 15.Bxf6 gxf6
16.g3 Kb8 17.Rc1 h5 18.Nh4 Be7 19.Bg2 f5 20.Nf3 Nxf3+ 21.Qxf3 fxe4 22.Nxe4 f5
23.Nc3 b4 24.Nd1 Bxd5 25.Qe2 Bg5 26.Rc2 Bxg2 27.Kxg2 Qc6+ 28.Qf3 Qxf3+ 29.Kxf3 Rd5
30.h4 Bh6 31.b3 e5 32.Nb2 e4+ 33.Kg2 Kc7 34.f3 Re8 35.fxe4 fxe4 36.Rce2 Rd4
37.Nc4 Kc6 38.Rf1 Rf8 39.Rxf8 Bxf8 40.Rf2 Bd6 41.Rf6 Kd7 42.Rh6 Rd3 43.Rxh5 Rxg3+
44.Kf1 Bf4 45.Rf5 Rg4 46.h5 Rh4 47.Rf6 Ke7 48.Rf5 Ke6 49.Rf8 e3 50.Re8+ Kd5
51.Ke2 Rxh5 52.Kd3 Rh2 53.Rd8+ Kc6 54.Rf8 Rf2 55.Rf6+ Kd7 56.Nb6+ Kd8 57.Rf8+ Kc7
58.Nd5+ Kc6 59.Nxf4 e2 60.Kd2 e1=Q+ 61.Kxe1 Rxa2 62.Rf6+ Kb7 63.Nd3 Rc2 64.Ne5 a5
65.Kd1 Rh2 66.Nc4 Ra2 67.Rb6+ Kc7 68.Ra6 Rh2 69.Rxa5 Kc6 70.Ra6+ Kd5 71.Rd6+ Ke4
72.Nd2+ Ke5 73.Rd3 Rg2 74.Kc2 Rh2 75.Rg3 Kd4 76.Rg4+ Kd5 77.Rf4 Ke5 78.Rf7 Kd4
79.Rd7+ Ke5 80.Kd3 Rh3+ 81.Kc4 Rc3+ 82.Kb5 Ke6 83.Rd8 Rc2 84.Nc4 Rc3 85.Na5 Ke5
86.Kc6 c4 87.bxc4 b3 88.Kc5 b2 89.Re8+ Kf4 90.Rb8 Ra3 91.Nc6  1-0

[Event "Oberliga Nord W9798"]
[Site "Germany"]
[Date "1998.??.??"]
[Round "?"]
[White "Juhnke, Karl"]
[Black "Broeder, Iris"]
[Result "1/2-1/2"]
[WhiteElo "2295"]
[BlackElo "2165"]

1.d4 d5 2.c4 e6 3.Nc3 c6 4.e3 Nf6 5.Nf3 Nbd7 6.Bd3 Bd6 7.e4 dxe4 8.Nxe4 Bb4+
9.Bd2 Bxd2+ 10.Qxd2 O-O 11.O-O Nxe4 12.Bxe4 c5 13.Rad1 cxd4 14.Qxd4 Qa5 15.a3 Nf6
16.Bc2 b6 17.Ne5 Qc5 18.b4 Qxd4 19.Rxd4 Bb7 20.Rfd1 g6 21.f3 Rfc8 22.g4 h6
23.h4 Rc7 24.R1d2 Kg7 25.g5 hxg5 26.hxg5 Nh7 27.Rd7 Rac8 28.Nxf7 Bc6 29.Rxc7 Rxc7
30.Ne5 Nxg5 31.Kf2 Be8 32.f4 Nh7 33.Ke3 Kf6 34.Rh2 Nf8 35.Be4 Rg7 36.c5 bxc5
37.bxc5 Nd7 38.Nxd7+ Rxd7 39.c6 Rc7 40.Rb2 Ke7 41.Rb7 Kd6 42.Kd4 Bxc6  1/2-1/2

[Event "BL2-W9798"]
[Site "Germany"]
[Date "1998.??.??"]
[Round "?.5"]
[White "Gawehns, Klaus"]
[Black "Fleck, Juergen"]
[Result "1/2-1/2"]
[WhiteElo "2410"]
[BlackElo "2375"]

1.d4 d5 2.Nf3 Nf6 3.c4 c6 4.Nc3 e6 5.e3 Nbd7 6.Qc2 Bd6 7.Be2 O-O 8.O-O dxc4
9.Bxc4 b5 10.Bd3 Bb7 11.e4 e5 12.dxe5 Nxe5 13.Nxe5 Bxe5 14.Rd1 Qc7 15.g3 Rad8
16.Be3 a6 17.Ne2 c5 18.Qxc5 Nxe4 19.Qxc7 Bxc7 20.f3 Nf6 21.Kf2 Be5 22.Rab1 Rd7
23.b3 Rfd8 24.Bc2 g6 25.Rxd7 Rxd7 26.b4 Bd5 27.Bb3 Kg7 28.Bc5 Bxb3 29.Rxb3 Rd2
30.Ra3 Nd5 31.Ke1 Rb2 32.Rxa6 Nxb4 33.Bxb4 Rxb4 34.Kd2 Rb2+ 35.Kd3 h5 36.f4 Bf6
37.Ra3 b4 38.Rb3 Rxa2 39.Rxb4 h4 40.Ke3  1/2-1/2

[Event "BL2-S9798"]
[Site "Germany"]
[Date "1998.??.??"]
[Round "?.4"]
[White "Luft, Andreas"]
[Black "Huber, Armin"]
[Result "1/2-1/2"]
[WhiteElo "2295"]
[BlackElo "2330"]

1.d4 d5 2.c4 e6 3.Nc3 c6 4.e3 Nf6 5.Nf3 Nbd7 6.Qc2 Bd6 7.b3 O-O 8.Be2 e5
9.cxd5 cxd5 10.Nb5 Bb4+ 11.Bd2 Bxd2+ 12.Nxd2 Qe7 13.dxe5 Qxe5 14.O-O a6 15.Nd4 Ne4
16.N2f3 Qh5 17.Rac1 Ndf6 18.Qc7 Re8 19.Ne1 Qh6 20.Nd3 Bg4 21.Bxg4 Nxg4 22.Qf4 Qg6
23.h3 Ngf6 24.Qf5 Qxf5 25.Nxf5 g6 26.Nd4 Rac8 27.Rxc8 Rxc8 28.Rc1 Rxc1+ 29.Nxc1  1/2-1/2